| 000 | 00583nam a2200193Ia 4500 | ||
|---|---|---|---|
| 003 | GCL | ||
| 008 | 140319s9999 xx 000 0 eng d | ||
| 040 |
_aGCL / _cGCL |
||
| 082 | 0 | 4 |
_a302.230980 _bH C |
| 100 | 1 | _aHEUVEL, JON VANDEN | |
| 245 | 1 | 0 |
_aLATIN AMERICA'S VITAL MEDIA / _cHEUVEL, JON VANDEN |
| 700 | 1 | _aDENNIS, EVERETT E. | |
| 260 |
_aنيويورك : _bTHE FREEDOM FORUM MEDIA STUDIES CENTER ، _c1992 |
||
| 300 |
_a26 CM ؛ _c159 P |
||
| 650 | 0 | 4 | _aMEDIA PROGRAMS (EDUCATION) |
| 650 | 0 | 4 | _aLATIN AMERICA IN MASS MEDIA |
| 650 | 0 | 4 | _aMEDIA BUYING SERVICES |
| 942 |
_2ddc _cBK |
||
| 999 |
_c786 _d786 |
||